1427 1613 1256 1877 1714 1199 1215 1042 1584 1020 1759 1691 1305 1411 1737 1198 1927 1281 1669 1246 1883 1730 1473 1378 1927 1119 1483 1551 1816 1407 1029 1717 1417 1138 1155 1469 1830 1136 1972 1360 1914 1584 1290 1184 1097 1658 1196 1082 1372 1701 1605 1566 1368 1739 1217 1237 1578 1527 1956 1974 1303 1179 1004 1113 1482 1904 1984 1522 1171 1691 1359 1520 1748 1806 1759 1756 1409 1562 1196 1790 1490 1765 1163 1826 1547 1724 1444 1844 1291 1895 1427 1112 1586 1250 1350 1461 1735 1314 1512 BCNSPRNW ULIB Ver.6.0+V

เปลี่ยนเป็นภาษาไทย

Change to English
 แสดงรายละเอียดบรรณานุกรม
  กลับหน้าหลัก

Brief Record : Get Marc (ISO 2709) : E-mail record : QR code < ปิดหน้าต่าง
LEADER : 00000nam 2200000uu 4500
001    13399122754
003     ULIB
008    130912s2555||||th 000 0 tha d
020    ^a9789740329855
060  0 ^aWM105^bว734ส
100    ^aวิไลลักษณ์ พงษ์โสภา
110    ^aจุฬาลงกรณ์มหาวิทยาลัย
245    ^aสุขวิทยาจิต = Mental Hygiene./^cวิไลลักษณ์ พงษ์โสภา.
250    ^aพิมพ์ครั้งที่ 1
260    ^a กรุงเทพฯ :^bจุฬาลงกรณ์มหาวิทยาลัย,^c2555
300    ^a437 หน้า ภาพประกอบ;^b26 ซม.
650    ^aสุขวิทยาจิต
650    ^aการปรับตัว^b(จิตวิทยา)
650    ^aบุคลิกภาพ, การพัฒนา
650    ^aจิตผิดปกติ
710 1  ^aสำนักจุฬาลงกรณ์มหาวิทยาลัย
945    ^p330^l0^i033989
945    ^p330^l0^i033990
945    ^p330^l0^i033991
945    ^p330^l0^i034364
999    ^aเกษร โพธิ์สุวรรณ
รายการนี้ยังไม่มีแท็ก
คุณยังไม่ได้ล็อกอิน คุณสามารถมีกิจกรรมร่วมกับเว็บไซต์ได้ แต่ต้องล็อกอินก่อน ::
  ล็อกอิน

รายการสื่อสารสนเทศ

ลำดับที่ ประเภท เลขเรียก/บาร์โค้ด สถานที่ สถานะ
1. วิทยาศาสตร์การแพทย์ และสุขภาพ
หนังสือสำรอง
สถานะ=หนังสือสำรอง
WM105 ว734ส ฉ.1 
  Barcode: 033989
ห้องสมุดวิทยาเขตสวรรค์ประชารักษ์
►ส่วนจัดเก็บหนังสือเก่า สปร
บนชั้น
  ขอยืม
2. วิทยาศาสตร์การแพทย์ และสุขภาพ
วิทยาศาสตร์การแพทย์ และสุขภาพ
WM105 ว734ส ฉ.2 
  Barcode: 033990
ห้องสมุดวิทยาเขตสวรรค์ประชารักษ์
►ส่วนจัดเก็บหนังสือเก่า สปร
บนชั้น
  ขอยืม
3. วิทยาศาสตร์การแพทย์ และสุขภาพ
วิทยาศาสตร์การแพทย์ และสุขภาพ
WM105 ว734ส ฉ.3 
  Barcode: 033991
ห้องสมุดวิทยาเขตสวรรค์ประชารักษ์
►ส่วนจัดเก็บหนังสือเก่า สปร
บนชั้น
  ขอยืม
4. วิทยาศาสตร์การแพทย์ และสุขภาพ
วิทยาศาสตร์การแพทย์ และสุขภาพ
WM105 ว734ส ฉ.4 
  Barcode: 034364
ห้องสมุดวิทยาเขตสวรรค์ประชารักษ์
►ส่วนจัดเก็บหนังสือเก่า สปร
บนชั้น
  ขอยืม

รายการใกล้เคียง
    ผู้แต่ง [วิไลลักษณ์ พงษ์โสภา]

    หัวเรื่อง [สุขวิทยาจิต]
    หัวเรื่อง [การปรับตัว (จิตวิทยา)]
    หัวเรื่อง [บุคลิกภาพ, การพัฒนา]
    หัวเรื่อง [จิตผิดปกติ]

BibComment


ยังไม่เคยถูกคอมเมนท์

คอมเมนท์ทรัพยากรรายการนี้
  คอมเมนท์: สุขวิทยาจิต Men..


 Copyright 2026. Bcnsprnw @Library